A conversation with Paul / (Запис № 484167)

МАРК-запис
000 -LEADER
fixed length control field 01615cam a2200373 a 4500
001 - CONTROL NUMBER
control field conversationwith00tril
003 - CONTROL NUMBER IDENTIFIER
control field CaSfIA
005 - DATE AND TIME OF LATEST TRANSACTION
control field 20210117225751.0
007 - PHYSICAL DESCRIPTION FIXED FIELD--GENERAL INFORMATION
fixed length control field cr||||
008 - FIXED-LENGTH DATA ELEMENTS--GENERAL INFORMATION
fixed length control field 861112t19871986nyu b 000 0 eng
010 ## - LIBRARY OF CONGRESS CONTROL NUMBER
LC control number 86029207
040 ## - CATALOGING SOURCE
Original cataloging agency DLC
Transcribing agency DLC
Modifying agency OCLCG
-- YDXCP
-- UBY
-- ITC
-- CaSfIA
020 ## - INTERNATIONAL STANDARD BOOK NUMBER
International Standard Book Number 0824508068
020 ## - INTERNATIONAL STANDARD BOOK NUMBER
International Standard Book Number 9780824508067
035 ## - SYSTEM CONTROL NUMBER
System control number (OCoLC)14903852
041 1# - LANGUAGE CODE
Language code of text/sound track or separate title eng
Language code of original and/or intermediate translations of text ger
050 00 - LIBRARY OF CONGRESS CALL NUMBER
Classification number BS2650.2
Item number .T7413 1987
082 0# - DEWEY DECIMAL CLASSIFICATION NUMBER
Classification number 225.9/24
Edition number 19
100 1# - MAIN ENTRY--PERSONAL NAME
Personal name Trilling, Wolfgang.
240 10 - UNIFORM TITLE
Uniform title <a href="Mit Paulus im Gespräch.">Mit Paulus im Gespräch.</a>
Language of a work English
245 12 - TITLE STATEMENT
Title A conversation with Paul /
Medium [electronic resource]
Statement of responsibility, etc Wolfgang Trilling ; [translated by John Bowden from the German].
246 18 - VARYING FORM OF TITLE
Title proper/short title Conversations with Paul
260 ## - PUBLICATION, DISTRIBUTION, ETC. (IMPRINT)
Place of publication, distribution, etc New York :
Name of publisher, distributor, etc Crossroad,
Date of publication, distribution, etc 1987, c1986.
300 ## - PHYSICAL DESCRIPTION
Extent x, 116 p. ;
Dimensions 22 cm.
500 ## - GENERAL NOTE
General note Translation of Mit Paulus im Gespräch.
504 ## - BIBLIOGRAPHY, ETC. NOTE
Bibliography, etc Bibliography: p. 114-116.
506 ## - RESTRICTIONS ON ACCESS NOTE
Standardized terminology for access restriction Необхідна авторизація на https://archive.org/ (створення облікового запису безкоштовно)
506 ## - RESTRICTIONS ON ACCESS NOTE
Standardized terminology for access restriction Необхідна авторизація на https://openlibrary.org/ (створення облікового запису безкоштовно)
630 00 - SUBJECT ADDED ENTRY--UNIFORM TITLE
Uniform title Bible.
Name of part/section of a work N.T.
-- Epistles of Paul
General subdivision Criticism, interpretation, etc.
600 00 - SUBJECT ADDED ENTRY--PERSONAL NAME
Personal name Paul,
Titles and other words associated with a name the Apostle, Saint.
856 41 - ELECTRONIC LOCATION AND ACCESS
Uniform Resource Identifier <a href="http://www.archive.org/details/conversationwith00tril">http://www.archive.org/details/conversationwith00tril</a>
Public note Free eBook from the Internet Archive
856 42 - ELECTRONIC LOCATION AND ACCESS
Uniform Resource Identifier <a href="http://www.openlibrary.org/books/OL2734872M">http://www.openlibrary.org/books/OL2734872M</a>
Public note Additional information and access via Open Library
942 ## - ADDED ENTRY ELEMENTS (KOHA)
Koha item type ЕКнига

Немає доступних примірників.